Investigaciones en proceso sobre ciencias sociales en México 1981 /

Guardado en:
書目詳細資料
Autores Corporativos: Consejo Mexicano de Ciencias Sociales, COMECSO Instituto de Investigaciones UNAM INSUUNAM
格式: Texto
出版: México D.F.: INSUNAM
標簽: 添加標簽
沒有標簽, 成為第一個標記此記錄!

MARC

LEADER 00000 a a2200000 04500
001 23532
003
040
090 |a R 164600  
110 |a Consejo Mexicano de Ciencias Sociales  
245 |a Investigaciones en proceso sobre ciencias sociales en México 1981 /  |c Consejo Mexicano de Ciencias Sociales  
260 |a México D.F.:   |b INSUNAM  
300 |a 138 p.  
710 |a COMECSO   |a Instituto de Investigaciones UNAM   |a INSUUNAM  
999 |c 12406  |d 12406